000 00656nam a2200241Ia 4500
003 OSt
005 20220918201048.0
006 a|||||r|||| 00| 0
007 ta
008 220917b |||||||| |||| 00| 0 eng d
024 _a91,458
037 _cTextual
040 _aARTS
_cARTS
_beng
041 _2eng
_aeng
082 _aV1:19(zM).N7, M1
100 _aBertram Christoph Ed
_996629
245 0 _aFuture of strategic deterrence
260 _aGreat
_bBritain Macmillan
_c1981
300 _a108p.
_ccm.
650 _aWAR; WORLD HISTORY
942 _hV1:19(zM).N7, M1
_cTEXL
_2CC
999 _c215117
_d215117